| 000 | 00483cam a22001457a 4500 | ||
|---|---|---|---|
| 008 | 180718b1957 xxu||||| |||| 00| 0 eng d | ||
| 082 | _aI29 Am35 | ||
| 100 | _aAmerican Management Asociation, INC. | ||
| 245 | _aThe man in management: A personal view including a section on executive health problems. | ||
| 260 |
_aNew York _bAmerican Management Asociation, INC. _c1957 |
||
| 300 | _a60p. | ||
| 440 | _aGeneral Management Series No.189 | ||
| 650 | _aExecutives | ||
| 650 | _aManagers | ||
| 999 |
_c357716 _d357716 |
||